MDQL
is popping MORE tags! Check the
thread
!
Quizzes
Events
Quiz Creation
Community
Videos
Private Events
Remove Ads
Sign In
Join for FREE
Feedback
Dark Mode
Quiz Categories
Sports
Geography
Music
Movies
Television
Just For Fun
Miscellaneous
History
Literature
Language
Science
Gaming
Entertainment
Religion
Holiday
For Kids
Quiz Lab
Recent
Popular Today
Quiz Kudos Today
Editor Picks
Curator Picks
Quizzes by...
Day
Popularity
Type
Ratings
Length
Year
Community
Subscriptions
Recent Discussions
Orange Saloon
Badges
Playlists
Quests
Create
Leaderboards
Showdown
Live 5
Trivia Bingo
Activity
Puzzle Library
Sporcle Events
Private Events
Virtual Trivia
Globe League
Become a Host
Pub Owners
SporcleCon
Opinionation
Our Games
Videos
Blog
Mobile Apps
Partnerships
Remove Ads and Go Orange
Feedback
Sports
Athletes
MLB
NBA
NHL
NFL
Soccer
Sports Teams
WWE
NCAA
Football
Premier League
Basketball
Baseball
Hockey
Golf
Tennis
Cricket
Rugby
Auto Racing
Olympics
World Cup
Sports
Athletes
MLB
NBA
NHL
NFL
Soccer
Sports Teams
WWE
NCAA
Football
Premier League
Basketball
Baseball
Hockey
Golf
Tennis
Cricket
Rugby
Auto Racing
Olympics
World Cup
Random Quiz
Search Sporcle
×
Quiz Lab
Quiz Lab
Sports
postseason
Type in answers that appear in a list
Type in answers that appear in a list
Classic
Best Score? Go Orange.
Lineups - AL West Champions (90-Present) Stats
Can you name the Post-Season Game 1 Lineups for Every AL West Champion Team Since 1990?
By
BooYAH
12m
210 Questions
968 Plays
968 Plays
968 Plays
Comments
Comments
Give Quiz Kudos
Give Quiz Kudos
-
- Ratings
hide this ad
More Info
Replay
Link that replays current quiz
Next Quiz
Link to next quiz in quiz playlist
You Got
0%
They Got
Avg Score
59%
Avg Friend Score
Upgrade to see
Score Distribution
Jump to the score distribution portion of the page
Score
0/210
Timer
12:00
0
Plays Today
Year/Team
Player
% Correct
1995 Seattle Mariners
Ken Griffey, Jr.
95.9%
1997 Seattle Mariners
Ken Griffey, Jr.
95.9%
1996 Texas Rangers
Ivan Rodriguez
95.4%
1998 Texas Rangers
Ivan Rodriguez
95.4%
1999 Texas Rangers
Ivan Rodriguez
95.4%
1997 Seattle Mariners
Alex Rodriguez
95.2%
1995 Seattle Mariners
Edgar Martinez
94.8%
1997 Seattle Mariners
Edgar Martinez
94.8%
2001 Seattle Mariners
Edgar Martinez
94.8%
1995 Seattle Mariners
Tino Martinez
94.7%
2010 Texas Rangers
Josh Hamilton
94.6%
2011 Texas Rangers
Josh Hamilton
94.6%
1996 Texas Rangers
Darryl Hamilton
94.4%
1991 Minnesota Twins*
Kirby Puckett
94%
1990 Oakland Athletics
Rickey Henderson
93.4%
1990 Oakland Athletics
Mark McGwire
93.4%
1992 Oakland Athletics
Rickey Henderson
93.4%
1992 Oakland Athletics
Mark McGwire
93.4%
1990 Oakland Athletics
Jose Canseco
93.3%
1993 Chicago White Sox
Frank Thomas
93.2%
2006 Oakland Athletics
Frank Thomas
93.2%
2000 Oakland Athletics
Jason Giambi
92.4%
2000 Oakland Athletics
Jeremy Giambi
92.4%
1992 Oakland Athletics
Willie Wilson
91.6%
1993 Chicago White Sox
Lance Johnson
91.6%
1995 Seattle Mariners
Dan Wilson
91.6%
1997 Seattle Mariners
Dan Wilson
91.6%
1997 Seattle Mariners
Randy Johnson
91.6%
2001 Seattle Mariners
Dan Wilson
91.6%
2011 Texas Rangers
C.J. Wilson
91.6%
2010 Texas Rangers
Michael Young
90.7%
2011 Texas Rangers
Michael Young
90.7%
1996 Texas Rangers
Juan Gonzalez
89.9%
1998 Texas Rangers
Juan Gonzalez
89.9%
1999 Texas Rangers
Juan Gonzalez
89.9%
2001 Seattle Mariners
Ichiro Suzuki
89.3%
1995 Seattle Mariners
Jay Buhner
88.6%
1997 Seattle Mariners
Jay Buhner
88.6%
2000 Oakland Athletics
Miguel Tejada
88.5%
2000 Oakland Athletics
Eric Chavez
88.5%
2002 Oakland Athletics
Miguel Tejada
88.5%
2002 Oakland Athletics
Eric Chavez
88.5%
2003 Oakland Athletics
Miguel Tejada
88.5%
2003 Oakland Athletics
Eric Chavez
88.5%
2006 Oakland Athletics
Eric Chavez
88.5%
2004 Anaheim Angels
Vladimir Guerrero
88.4%
2005 Los Angeles Angels of Anaheim, CA 92806
Vladimir Guerrero
88.4%
2007 Los Angeles Angels of Anaheim, CA 92806
Vladimir Guerrero
88.4%
2008 Los Angeles Angels of Anaheim, CA 92806
Vladimir Guerrero
88.4%
2009 Los Angeles Angels of Anaheim, CA 92806
Vladimir Guerrero
88.4%
2010 Texas Rangers
Vladimir Guerrero
88.4%
2010 Texas Rangers
Ian Kinsler
87.1%
2011 Texas Rangers
Ian Kinsler
87.1%
2006 Oakland Athletics
Barry Zito
86.6%
2004 Anaheim Angels
Garret Anderson
86.3%
2005 Los Angeles Angels of Anaheim, CA 92806
Garret Anderson
86.3%
2007 Los Angeles Angels of Anaheim, CA 92806
Garret Anderson
86.3%
2008 Los Angeles Angels of Anaheim, CA 92806
Garret Anderson
86.3%
2001 Seattle Mariners
Bret Boone
85.8%
2010 Texas Rangers
Elvis Andrus
85.8%
2011 Texas Rangers
Elvis Andrus
85.8%
2002 Oakland Athletics
Tim Hudson
84.3%
2003 Oakland Athletics
Tim Hudson
84.3%
2010 Texas Rangers
Nelson Cruz
83.7%
2011 Texas Rangers
Nelson Cruz
83.7%
2004 Anaheim Angels
Chone Figgins
83.6%
2005 Los Angeles Angels of Anaheim, CA 92806
Chone Figgins
83.6%
2007 Los Angeles Angels of Anaheim, CA 92806
Chone Figgins
83.6%
2008 Los Angeles Angels of Anaheim, CA 92806
Chone Figgins
83.6%
2009 Los Angeles Angels of Anaheim, CA 92806
Chone Figgins
83.6%
Year/Team
Player
% Correct
1999 Texas Rangers
Rafael Palmeiro
81.6%
2011 Texas Rangers
Adrian Beltre
81.4%
2004 Anaheim Angels
Troy Glaus
80.7%
1990 Oakland Athletics
Dave Stewart
80.2%
1992 Oakland Athletics
Dave Stewart
80.1%
2007 Los Angeles Angels of Anaheim, CA 92806
Mike Napoli
79.5%
2008 Los Angeles Angels of Anaheim, CA 92806
Mike Napoli
79.5%
2011 Texas Rangers
Mike Napoli
79.5%
1991 Minnesota Twins*
Kent Hrbek
75.3%
2008 Los Angeles Angels of Anaheim, CA 92806
Torii Hunter
74.6%
2009 Los Angeles Angels of Anaheim, CA 92806
Torii Hunter
74.6%
1991 Minnesota Twins*
Jack Morris
72.9%
1991 Minnesota Twins*
Chili Davis
72.1%
2004 Anaheim Angels
Bengie Molina
70.7%
2005 Los Angeles Angels of Anaheim, CA 92806
Bengie Molina
70.7%
2010 Texas Rangers
Bengie Molina
70.7%
2007 Los Angeles Angels of Anaheim, CA 92806
John Lackey
70.6%
2008 Los Angeles Angels of Anaheim, CA 92806
John Lackey
70.6%
2009 Los Angeles Angels of Anaheim, CA 92806
John Lackey
70.6%
1990 Oakland Athletics
Terry Steinbach
68.9%
1992 Oakland Athletics
Terry Steinbach
68.9%
2004 Anaheim Angels
Darin Erstad
66.4%
2005 Los Angeles Angels of Anaheim, CA 92806
Darin Erstad
66.4%
1993 Chicago White Sox
Robin Ventura
66.2%
2001 Seattle Mariners
John Olerud
64.7%
2004 Anaheim Angels
David Eckstein
64.6%
1990 Oakland Athletics
Walt Weiss
64.5%
1991 Minnesota Twins*
Chuck Knoblauch
63.1%
1993 Chicago White Sox
Jack McDowell
62.8%
1990 Oakland Athletics
Carney Lansford
62.4%
1992 Oakland Athletics
Carney Lansford
62.4%
2010 Texas Rangers
Cliff Lee
62.4%
2011 Texas Rangers
Mitch Moreland
61.8%
1993 Chicago White Sox
Ozzie Guillen
60.8%
2003 Oakland Athletics
Jose Guillen
60.8%
2000 Oakland Athletics
Ramon Hernandez
59.9%
2002 Oakland Athletics
Ramon Hernandez
59.9%
2003 Oakland Athletics
Ramon Hernandez
59.9%
2007 Los Angeles Angels of Anaheim, CA 92806
Howie Kendrick
59.9%
2008 Los Angeles Angels of Anaheim, CA 92806
Howie Kendrick
59.9%
2009 Los Angeles Angels of Anaheim, CA 92806
Howie Kendrick
59.9%
2009 Los Angeles Angels of Anaheim, CA 92806
Kendrys Morales
59.7%
2002 Oakland Athletics
Jermaine Dye
59.3%
2003 Oakland Athletics
Jermaine Dye
59.3%
2002 Oakland Athletics
Scott Hatteberg
59%
2003 Oakland Athletics
Scott Hatteberg
59%
2002 Oakland Athletics
Mark Ellis
58.6%
2003 Oakland Athletics
Mark Ellis
58.6%
2006 Oakland Athletics
Mark Ellis
58.6%
2001 Seattle Mariners
David Bell
57.9%
2006 Oakland Athletics
Jason Kendall
57.7%
2001 Seattle Mariners
Mike Cameron
56.7%
2001 Seattle Mariners
Freddy Garcia
56.1%
1991 Minnesota Twins*
Dan Gladden
55.6%
1992 Oakland Athletics
Ruben Sierra
55.4%
2005 Los Angeles Angels of Anaheim, CA 92806
Adam Kennedy
54.2%
2009 Los Angeles Angels of Anaheim, CA 92806
Bobby Abreu
54%
2011 Texas Rangers
David Murphy
53.5%
1990 Oakland Athletics
Harold Baines
53.1%
1992 Oakland Athletics
Harold Baines
53.1%
1993 Chicago White Sox
Joey Cora
52.3%
1995 Seattle Mariners
Joey Cora
52.3%
1997 Seattle Mariners
Joey Cora
52.3%
2008 Los Angeles Angels of Anaheim, CA 92806
Mark Teixeira
51.5%
2008 Los Angeles Angels of Anaheim, CA 92806
Erick Aybar
51.1%
2009 Los Angeles Angels of Anaheim, CA 92806
Erick Aybar
51.1%
1996 Texas Rangers
Rusty Greer
50.9%
1998 Texas Rangers
Rusty Greer
50.9%
1999 Texas Rangers
Rusty Greer
50.9%
1996 Texas Rangers
Dean Palmer
48.6%
Year/Team
Player
% Correct
2005 Los Angeles Angels of Anaheim, CA 92806
Bartolo Colon
48.6%
1991 Minnesota Twins*
Greg Gagne
47.9%
1996 Texas Rangers
Will Clark
47.5%
1998 Texas Rangers
Will Clark
47.5%
2002 Oakland Athletics
David Justice
46.3%
2000 Oakland Athletics
Terrence Long
46.1%
2002 Oakland Athletics
Terrence Long
46.1%
2005 Los Angeles Angels of Anaheim, CA 92806
Orlando Cabrera
44.4%
2007 Los Angeles Angels of Anaheim, CA 92806
Orlando Cabrera
44.4%
2002 Oakland Athletics
Ray Durham
43.9%
1990 Oakland Athletics
Mike Gallego
42%
1991 Minnesota Twins*
Brian Harper
37.5%
2009 Los Angeles Angels of Anaheim, CA 92806
Jeff Mathis
37.4%
1993 Chicago White Sox
Tim Raines
36.7%
1996 Texas Rangers
Mark McLemore
36.5%
1998 Texas Rangers
Mark McLemore
36.5%
1999 Texas Rangers
Mark McLemore
36.5%
2001 Seattle Mariners
Mark McLemore
36.5%
1993 Chicago White Sox
Ron Karkovice
35.4%
2007 Los Angeles Angels of Anaheim, CA 92806
Maicer Izturis
34.6%
2004 Anaheim Angels
Jarrod Washburn
34.3%
2006 Oakland Athletics
Milton Bradley
31.3%
2005 Los Angeles Angels of Anaheim, CA 92806
Juan Rivera
30.6%
2009 Los Angeles Angels of Anaheim, CA 92806
Juan Rivera
30.6%
1991 Minnesota Twins*
Shane Mack
30.3%
2000 Oakland Athletics
Matt Stairs
30.3%
2008 Los Angeles Angels of Anaheim, CA 92806
Gary Matthews, Jr.
29.8%
1995 Seattle Mariners
Mike Blowers
29.5%
1997 Seattle Mariners
Mike Blowers
29.5%
1997 Seattle Mariners
Paul Sorrento
28.9%
1990 Oakland Athletics
Willie McGee
28.2%
2006 Oakland Athletics
Nick Swisher
28.2%
2007 Los Angeles Angels of Anaheim, CA 92806
Casey Kotchman
28%
1999 Texas Rangers
Aaron Sele
26.4%
1995 Seattle Mariners
Vince Coleman
26.3%
1992 Oakland Athletics
Mike Bordick
26%
2000 Oakland Athletics
Randy Velarde
25.3%
2005 Los Angeles Angels of Anaheim, CA 92806
Steve Finley
24.6%
2006 Oakland Athletics
Mark Kotsay
23.9%
1991 Minnesota Twins*
Mike Pagliarulo
23.8%
1998 Texas Rangers
Royce Clayton
23.6%
1999 Texas Rangers
Royce Clayton
23.6%
2001 Seattle Mariners
Stan Javier
22.4%
1995 Seattle Mariners
Luis Sojo
22%
2000 Oakland Athletics
Ben Grieve
21.4%
1993 Chicago White Sox
Ellis Burks
20.5%
1996 Texas Rangers
Mickey Tettleton
19.9%
1998 Texas Rangers
Todd Zeile
19.5%
1999 Texas Rangers
Todd Zeile
19.5%
1995 Seattle Mariners
Chris Bosio
18.9%
2003 Oakland Athletics
Erubial Durazo
18.3%
1996 Texas Rangers
John Burkett
17.9%
1999 Texas Rangers
Tom Goodwin
17.7%
2006 Oakland Athletics
Marco Scutaro
17.3%
1999 Texas Rangers
Lee Stevens
16.8%
1997 Seattle Mariners
Roberto Kelly
15.5%
1998 Texas Rangers
Roberto Kelly
15.5%
2010 Texas Rangers
Jorge Cantu
15.3%
2010 Texas Rangers
Jeff Francoeur
14.6%
1992 Oakland Athletics
Lance Blankenship
14.4%
1996 Texas Rangers
Kevin Elster
13.8%
1993 Chicago White Sox
Dan Pasqua
12.9%
2000 Oakland Athletics
Gil Heredia
12.9%
2006 Oakland Athletics
Jay Payton
12.2%
2007 Los Angeles Angels of Anaheim, CA 92806
Reggie Willits
11.1%
1998 Texas Rangers
Todd Stottlemyre
10.1%
2003 Oakland Athletics
Chris Singleton
8.9%
2004 Anaheim Angels
Jeff DaVanon
8.7%
1998 Texas Rangers
Mike Simms
6.5%
2004 Anaheim Angels
Alfredo Amezega
4.1%
Quiz Playlist
Details
Report
Send in Message
Add To Playlist
More Info:
*=Hall of Famer
Classic:
Type in answers that appear in a list
Last Updated: Feb 16, 2017
Quiz Scoreboard
CHALLENGE
Sign Up to Join the Scoreboard
Show All
Scores
Hide
Comments
May contain spoilers
Recently Published
1-10 Letter E Words III
by El_Dandy
Language
2m
Street Fighter Characters
by Artimus82
Gaming
60s
College Basketball Coaching Resumes
by pancakes188
Sports
9m
More to Explore
Quiz From the Vault
Featured Blog Post
Where Did the Easter Bunny Come From?
hide this ad
You Might Also Like...
Tags
1990
1990s
champion
Player
postseason
team
West
Today's Top Quizzes in Sports
Browse Sports
hide this ad
Today's Top Quizzes in postseason
Browse postseason
Top Contributed Quizzes in Sports
1
2022 World Cup Stars
2
Les meilleurs buteurs des matchs entre le PSG et l’OM
3
FIFA Club World Cup Champions
4
Les entraîneurs de l'OM et du PSG au 21e siècle
5
Criteria MLB: Left Handed Sluggers
6
2023 MLB Unique Player Accomplishments
7
AFC Teams Reveal (Wrong Answers Minefield)
8
Players with Multiple 50 Home Run Seasons
9
5-to-1: FBS Animal Nicknames
10
5-to-1: UK Sports Teams
Explore More
Trending Topics
NBA
Anime
Harry Potter
Marvel
Kpop
Crossword
Disney
Pokémon
Soccer
Song
Puzzle
NFL
WWE
The Office
Country
hide this ad
More By:
BooYAH
Quiz
Plays
Rating
Category
Featured
Created
NFL Last 20 Rookie Leaders
52,724
4.47
Sports
Jan 3, 2015
NBA - Leaders on Greatest Teams of All Time
24,166
4.52
Sports
Jun 19, 2015
Every Playoff QB Ever ...Since 2000
12,891
4.43
Sports
Feb 15, 2012
World Series Lineups - 1990s
11,983
4.73
Sports
Apr 2, 2010
MLB Lineups - AL East Champions (1990-2010)
8,877
4.47
Sports
Apr 11, 2012
Go to Creator's Profile
Score Distribution
Quiz Creator Spotlight
BooYAH
Follow
Send a Message
Quizzes Created
-
Created Quiz Play Count
-
More By This Creator
Popular Quizzes Today
1
Find the US States - No Outlines Minefield
2
Find the Countries of Europe - No Outlines Minefield
3
The Countries of the World
4
Find the US States
5
Risky Map Clicking: Biggest States A-Z
6
US States
7
Popular People in 1961
8
Movies - When Are They Set?
More Sports Quizzes
NBA Player Birth Countries II
Quiz Lab
Trending Quizzes
Risky Map Clicking: Least Populous States A-Z
USA Borders Longest to Shortest
1-10 Letter G Words
1-10 Letter F Words
Countries of the World: 200 Million BC
Recently Updated
Beyoncé Albums
pecheneg
Leaping Animals
pecheneg
Reality TV Shows (A-Z)
bhenderson79
Rickey Henderson's Hall of Fame Teammates
pecheneg
Champions League XIs: Arsenal
pecheneg
Quick Pick: Celebrities in WWE's Hall of Fame
aduchscher
A-Z Keypad Blitz II
pecheneg
Multiple Oscar Actors
pecheneg
Mystery Phrase Blitz: Oscar 'Best Actors'
pecheneg
F. Scott Fitzgerald Novels
LTH
Trending Topics
Marvel
Anime
Kpop
NBA
Harry Potter
Disney
Crossword
Soccer
Pokémon
WWE
Song
The Office
NFL
Puzzle
Country
Your Account Isn't Verified!
In order to create a playlist on Sporcle, you need to verify the email address you used during registration. Go to your
Sporcle Settings
to finish the process.
Report this User
Report this user for behavior that violates our
Community Guidelines
.
Details:
Send Report
Go to the Sporcle.com Mobile Site →
Comments